000 00719nam a2200265Ia 4500
003 OSt
005 20220918185056.0
006 a|||||r|||| 00| 0
007 ta
008 220917b |||||||| |||| 00| 0 eng d
024 _a49,485
037 _cTextual
040 _aARTS
_cARTS
_beng
041 _2eng
_aeng
082 _aP:4:(R), M1
100 _aParret Herman ed
_965313
245 0 _aMeaning and understanding
260 _aBerlin
_bWalterf De Gruyter
_c1981
300 _ax,442p.
_ccm.
500 _aBib 423-37p
650 _aLINGUISTICS
700 _a Bouversse Jacques ed
_967703
942 _hP:4:(R), M1
_cTEXL
_2CC
999 _c179107
_d179107